| Tag |
First Indicator |
Second Indicator |
Subfields |
| LEADER |
00000cam a22000004a 4500 |
| 001 |
in00002000709 |
| 005 |
20151031123024.0 |
| 008 |
040730s2003 txu s000 0 eng d |
| 035 |
|
|
|a (OCoLC)ocm56061032
|
| 040 |
|
|
|a IKM
|c IKM
|d TXA
|d UtOrBLW
|
| 049 |
|
|
|a TXAM
|
| 086 |
|
|
|a Z TA245.7 L47 NO.5443
|2 txdocs
|
| 100 |
1 |
|
|a Sprott, L. R.
|q (Lesly Ray)
|
| 245 |
1 |
0 |
|a Calf removal :
|b a way to stimulate reproduction in cows /
|c L.R. Sprott.
|
| 264 |
|
1 |
|a [College Station, Tex.] :
|b Agricultural Communications, Texas Cooperative Extension, Texas A&M University System,
|c [2003]
|
| 300 |
|
|
|a 4 unnumbered pages :
|b illustrations ;
|c 28 cm.
|
| 336 |
|
|
|a text
|b txt
|2 rdacontent
|
| 337 |
|
|
|a unmediated
|b n
|2 rdamedia
|
| 338 |
|
|
|a volume
|b nc
|2 rdacarrier
|
| 500 |
|
|
|a Caption title.
|
| 500 |
|
|
|a "L-5443 9/03."
|
| 650 |
|
0 |
|a Beef cattle
|x Breeding.
|
| 650 |
|
0 |
|a Cattle
|x Parturition.
|
| 710 |
2 |
|
|a Texas Cooperative Extension.
|
| 994 |
|
|
|a C0
|b TXA
|
| 948 |
|
|
|a cataloged
|b h
|c 2004/10/13
|e avega
|f 1:21:20 pm
|
| 999 |
|
|
|a MARS
|
| 999 |
f |
f |
|s 4871fe80-1aba-3a37-8aff-234d5fda01cd
|i 3d4a2539-c59c-303e-98aa-5f972d6f516d
|t 0
|
| 952 |
f |
f |
|p normal
|a Texas A&M University
|b College Station
|c Sterling C. Evans Library
|d Evans: Texas Documents (Annex 5th floor)
|t 0
|e Z TA245.7 L47 NO.5431-5465
|h Superintendent of Documents classification
|i unmediated -- sheet
|m A14832119298
|
| 952 |
f |
f |
|a Texas A&M University
|b College Station
|c Sterling C. Evans Library
|d Evans: Texas Documents (Annex 5th floor)
|t 0
|e Z TA245.7 L47 NO.5431-5465
|h Superintendent of Documents classification
|
| 998 |
f |
f |
|a Z TA245.7 L47 NO.5431-5465
|s no.5431,5433-5434,5437-5441,5443,5450-5453,5457,5461-5465
|t 0
|l Evans: Texas Documents (Annex 5th floor)
|